000 01077nam a22003377a 4500
001 279
003 FISKH
005 20240215100504.0
008 230314b cb ||||| |||| 00| 0 eng d
020 _a9780439585491
040 _aDLC
_cDLC
_dDLC
_dFISKH
_beng
042 _alcac
050 0 0 _aPZ7.B6265
_bDo 2002
082 0 0 _aBLU 813.54 PZ7.B6265
_221
100 1 _aBlume, Judy.
245 1 0 _aDouble Fudge /
_cJudy Blume.
250 _aFirst Scholastic paperback printing, September 2003
260 _aNew York
_bScholastic
_c2002
300 _a213 pages ;
_c20 cm.
505 _aM
520 _aHis younger brother's obsession with money and the discovery of long-lost cousins Flora and Fauna provide many embarrassing moments for twelve-year-old Peter.
521 8 _a530
_bLexile
521 8 _aM
_bRaz-Plus
650 1 _aBrothers
_vFiction.
650 1 _aFamily life
_vFiction.
650 1 _aMoney
_vFiction.
650 1 _aEmbarrassment
_vFiction.
650 1 _aHumorous stories.
906 _a7
_bcbc
_corignew
_d1
_eocip
_f20
_gy-gencatlg
942 _2ddc
_cBK
_n0
999 _c279
_d279